Ostatni komunikat Polskiego Radia - Statystyki

Ogólne statystyki
  • Ten quiz został rozwiązany 591 razy
  • Średni wynik to 16 z 37
Statystyki odpowiedzi
Słowa % Poprawnych
nie
84%
na
75%
Halo,
67%
halo!
67%
nas
64%
Polska
63%
Polska!
63%
komunikat.
60%
ostatni
60%
To
59%
Czy
58%
słyszycie?
56%
Dziś
54%
niemieckie
54%
do
53%
nasz
51%
żyje
51%
Niech
50%
jeszcze
48%
Jeszcze
48%
zginęła!
47%
oddziały
46%
Warszawy.
45%
wkroczyły
44%
i
42%
Helu
37%
Braterskie
22%
się
22%
walczącym
22%
walczącym
22%
przesyłamy
20%
gdziekolwiek
19%
żołnierzom
19%
pozdrowienie
15%
znajdują.
15%
wszystkim
13%
polskim
10%
Nie znaleziono quizów pasujących do podanych kryteriów
Rozkład punktacji
Procent ludzi z każdym wynikiem
Percentyl według liczby udzielonych odpowiedzi
Twoja historia wyników
Nie rozwiązałeś tego quizu